书目信息 |
| 题名: |
填充式大粒径水泥稳定碎石基层技术规程
|
|
| 作者: | ;长安大学 主编 | |
| 分册: | ||
| 出版信息: | 北京 人民交通出版社股份有限公司 2019.05 |
|
| 页数: | 28页 | |
| 开本: | 30cm | |
| 丛书名: | 中国工程建设标准化协会标准 | |
| 单 册: | ||
| 中图分类: | U416.214-65 | |
| 科图分类: | ||
| 主题词: | 水泥稳定砂砾--shui ni wen ding sha li--碎石土--路面基层--技术操作规程--中国 | |
| 电子资源: | ||
| ISBN: | 978-7-114-15491-1 | |
| 000 | 01400nam 2200289 450 | |
| 001 | 0100010509 | |
| 005 | 20190905093951.0 | |
| 010 | @a978-7-114-15491-1@dCNY30.00 | |
| 094 | @aCN@bT/CECS G:K23-01-2019 | |
| 100 | @a20190901d2019 em y0chiy50 ea | |
| 101 | 0 | @achi |
| 102 | @aCN@b110000 | |
| 105 | @aak l 000yy | |
| 106 | @ar | |
| 200 | 1 | @a填充式大粒径水泥稳定碎石基层技术规程@Azhong guo gong cheng jian she biao zhun hua xie hui biao zhun@d= Technical specification for large stone base course filled with cement stabilized macadam@f主编单位长安大学@zeng |
| 210 | @a北京@c人民交通出版社股份有限公司@d2019.05 | |
| 215 | @a28页@c图@d30cm | |
| 225 | 2 | @a中国工程建设标准化协会标准@Azhong guo gong cheng jian she biao zhun hua xie hui biao zhun |
| 300 | @a2019-07-01实施 中国工程建设标准化协会发布 | |
| 330 | @a本书标准规定定了填充式大粒径水泥稳定碎石新型路面基层的技术要求。内容包括混合料组成设计、结构设计参数、施工、质量检验和评定、附录A填充式大粒径水泥稳定碎石材料回弹模量试验方法。 | |
| 410 | 0 | @12001 @a中国工程建设标准化协会标准 |
| 510 | 1 | @aTechnical specification for large stone base course filled with cement stabilized macadam@zeng |
| 606 | 0 | @a水泥稳定砂砾@Ashui ni wen ding sha li@x碎石土@x路面基层@x技术操作规程@y中国 |
| 690 | @aU416.214-65@v5 | |
| 711 | 02 | @a长安大学@Achang an da xue@4主编 |
| 801 | 0 | @aCN@c20190905 |
| 905 | @a河南城建学院图书馆@dU416.214@eC224 | |
| 填充式大粒径水泥稳定碎石基层技术规程= Technical specification for large stone base course filled with cement stabilized macadam/主编单位长安大学.-北京:人民交通出版社股份有限公司,2019.05 |
| 28页:图;30cm.-(中国工程建设标准化协会标准) |
| 2019-07-01实施 中国工程建设标准化协会发布 |
| ISBN 978-7-114-15491-1:CNY30.00 |
| 本书标准规定定了填充式大粒径水泥稳定碎石新型路面基层的技术要求。内容包括混合料组成设计、结构设计参数、施工、质量检验和评定、附录A填充式大粒径水泥稳定碎石材料回弹模量试验方法。 |
| ● |
| 相关链接 |
|
|
|
正题名:填充式大粒径水泥稳定碎石基层技术规程
索取号:U416.214/C224
 
预约/预借
| 序号 | 登录号 | 条形码 | 馆藏地/架位号 | 状态 | 备注 |
| 1 | 1438322 | 214383228 | 自科库501/501自科库 53排2列4层/ [索取号:U416.214/C224] | 在馆 | |
| 2 | 1438323 | 214383237 | 自科库501/501自科库 53排2列4层/ [索取号:U416.214/C224] | 在馆 |